| 000 | 00961cam a22002894a 4500 | ||
|---|---|---|---|
| 008 | |||
| 020 | _a0201730162 (pbk.) | ||
| 049 | _aMAIN | ||
| 090 |
_aHD30.2 _bLAU |
||
| 100 | 1 | _aLaugero, Greg. | |
| 245 | 1 | 0 |
_aEnterprise content services : _bconnecting information and profitability / _cGreg Laugero [and] Alden Globe. |
| 260 |
_aBoston : _bPearson Education, _c2002. |
||
| 300 |
_axxiv, 180 p. : _bill. ; _c24 cm. |
||
| 440 | 0 | _aAddison-Wesley information technology series | |
| 500 | _aIncludes index. | ||
| 504 | _aIncludes bibliographical references. | ||
| 650 | 0 |
_aInformation technology _xManagement. |
|
| 650 | 0 | _aKnowledge management. | |
| 650 | 0 |
_aBusiness _xDatabases _xManagement. |
|
| 650 | 0 | _aInformation resources management. | |
| 700 | 1 | _aGlobe, Alden. | |
| 907 |
_a.b10316930 _b29-05-13 _c28-08-12 |
||
| 003 | |||
| 005 | 20230123125442.0 | ||
| 040 | _cNUST | ||
| 942 |
_cBOOKS _kHD30.2 _mLAU |
||
| 999 |
_c141748 _d141748 |
||